000 00473nam a2200181Ia 4500
999 _c41360
_d41360
003 GCL
005 20240530103635.0
008 140319s9999 xx 000 0 ara d
040 _aGCL /
_cGCL
082 0 4 _a001.94
_bر خ
100 1 _aراجى عنايت
245 1 0 _aالخروج من الجسد /
_cراجى عنايت
300 _a127
490 _aاغرب من الخيال
_v0
650 0 4 _aجسم الانسان
650 0 4 _aالخيال
942 _2ddc
_cBK